000 00667nam a2200205Ia 4500
005 20260121110356.0
008 008 260114s9999 xx 000 0 hin d
020 _a9788132304968
037 _aEBOOK
040 _aCRL
_bhin
_cCRL
041 _ahin
_2hin
084 _qCRL
100 _aदेव नारायण सिंह / Dev Narayan Singh
_9945414
245 0 _aपं. मदनमोहन मालवीय / Pandit Madan Mohan Malaviya
260 _bभाषा प्रकाशन / Bhasha Prakashan
_c2020
856 _uhttps://bhashaprakashan.com/product-details/378147
942 _cEBOOK
999 _c1537078
_d1537078